Dung sai và lắp ghép

Các tiêu chuẩn lựa chọn dung sai cho các thông số hình học chi tiết và lắp ghép cho các mối ghép. Giới thiệu phạm vi ứng dụng của các kiểu lắp tiêu chuẩn và hướng dẫn lựa chọn dung sai trong các trường hợp cụ thể....

Descrizione completa

Salvato in:
Dettagli Bibliografici
Autore principale: Ninh, Đức Tốn
Natura: Libro
Lingua:Undetermined
Pubblicazione: Hà Nội Giáo Dục 2007
Soggetti:
Tags: Aggiungi Tag
Nessun Tag, puoi essere il primo ad aggiungerne! !
Thư viện lưu trữ: Trung tâm Học liệu Trường Đại học Cần Thơ
LEADER 00866nam a2200205Ia 4500
001 CTU_124346
008 210402s9999 xx 000 0 und d
020 |c 22000 
082 |a 621.80287 
082 |b T454 
100 |a Ninh, Đức Tốn 
245 0 |a Dung sai và lắp ghép 
245 0 |c Ninh Đức Tốn 
260 |a Hà Nội 
260 |b Giáo Dục 
260 |c 2007 
520 |a Các tiêu chuẩn lựa chọn dung sai cho các thông số hình học chi tiết và lắp ghép cho các mối ghép. Giới thiệu phạm vi ứng dụng của các kiểu lắp tiêu chuẩn và hướng dẫn lựa chọn dung sai trong các trường hợp cụ thể. 
650 |a Tolerance ( Engineering ) 
904 |i M.Loan 
980 |a Trung tâm Học liệu Trường Đại học Cần Thơ